| 000 | 00445cam a2200145 a 4500 | ||
|---|---|---|---|
| 082 | 0 | 0 |
_a958.104 _bTHI |
| 110 |
_aArmy HQ India _950059 |
||
| 245 | 1 | 4 |
_aThe third Afghan war 1919 official account. _cArmy HQ India |
| 260 |
_aIndia. : _bHQ, _c1926. |
||
| 300 |
_axv, 174 p.:. : _bmaps ; _c25 cm. |
||
| 526 |
_a0 _b0 _c0 _d958_104000000000000_THI |
||
| 650 | 0 |
_aStrategic culture _zAfghanistan. _92009 |
|
| 650 | 0 |
_zAfghanistan. _950060 |
|
| 942 |
_2ddc _cBK |
||
| 999 |
_c552810 _d552810 |
||